Stati che confinano con più nazioni - Statistics

Statistiche generali
  • Questo quiz è stato fatto 67 volte
  • Il punteggio medio è 16 su 22
Statistiche sulle risposte
Numero di stati confinanti Confini totali (km) Continente Nazione % Corretto
14 20 017 Europa / Asia Russia
98%
10 14 691 America del Sud Brasile
97%
14 22 147 Asia Cina
97%
8 2 889 Europa Francia
89%
9 3 621 Europa Germania
89%
7 14 209 Asia India
85%
9 10 730 Africa Repubblica Democratica del Congo
85%
8 2 648 Asia / Europa Turchia
85%
8 2 027 Europa Serbia
84%
7 2 788 Europa Polonia
82%
8 2 562 Europa Austria
75%
7 2 171 Europa Ungheria
74%
7 5 440 Asia Iran
70%
7 5 697 Africa Niger
69%
7 4 663 Europa Ucraina
67%
7 7 243 Africa Mali
62%
7 6 764 Africa Sudan
59%
7 4 431 Asia Arabia Saudita
56%
7 6 470 Africa Algeria
49%
7 5 529 Asia Afghanistan
46%
8 5 667 Africa Zambia
46%
8 3 861 Africa Tanzania
39%
Nessun quiz corrispondente trovato
Distribuzione punteggi
Percentuale di utenti per punteggio
Percentile per numero di risposta
I tuoi punteggi nel tempo
Non hai fatto questo quiz